Incidence of tapping panel dryness in Hevea brasiliensis trees in Tripura (Record no. 50737)

MARC details
000 -LEADER
fixed length control field 00571nam a2200169Ia 4500
100 ## - MAIN ENTRY--AUTHOR NAME
Personal name Dey S K
245 #0 - TITLE STATEMENT
Title Incidence of tapping panel dryness in Hevea brasiliensis trees in Tripura
260 ## - PUBLICATION, DISTRIBUTION, ETC. (IMPRINT)
Name of publisher In: Tapping Panel Dryness of Rubber Trees (Eds.James Jacob; R Krishnakumar and N.M. Mathew) Rubber Research Institute of India, Kottayam, 2006, pp.74-78.
650 ## - SUBJECT ADDED ENTRY--TOPICAL TERM
Topical Term Clone
650 ## - SUBJECT ADDED ENTRY--TOPICAL TERM
Topical Term North East India
650 ## - SUBJECT ADDED ENTRY--TOPICAL TERM
Topical Term Nutrition
650 ## - SUBJECT ADDED ENTRY--TOPICAL TERM
Topical Term Rubber tree
650 ## - SUBJECT ADDED ENTRY--TOPICAL TERM
Topical Term Tapping system
650 ## - SUBJECT ADDED ENTRY--TOPICAL TERM
Topical Term TPD
942 ## - ADDED ENTRY ELEMENTS (KOHA)
Koha item type Bibliography STAF
Holdings
Withdrawn status Lost status Damaged status Not for loan Home library Current library Shelving location Date acquired Koha item type
      Bibliography RRII Library RRII Library Plant physiology 18/06/2007 Bibliography STAF